00342nam a22001217a 4500020000800000040001600008082001500024100001900039245007400058250001200132260003800144300003800182 qPB. cFizza Ishaq a155.4bWIL aCrain,William. aTheories of Development: Concepts and Applications / cWilliam Crain. a3rd Ed. aNew York :bPrentice Hall,c1992. a368 p. ; c1 x 6.25 x 9.25 inches